Heraldika na Slovensku Slovenská genealogicko-heraldická spoločnosť pri Matici slovenskej. Martin 1997. Zostavil Milan Šišmiš. 259 s.

Bibliographic Details
Main Author: Kartous, Peter, 1943- (Author)
Format: Article
Language:Slovak
ISSN:0231-6722
Subjects:

MARC

LEADER 00000nab a2200000 a 4500
001 vtls000662594
003 SK-MaSNL
005 20260304090514.0
008 250425c1998 xo 0 slo
015 |a SNBRB1998/06-15880 
035 |a CLN000014782 
035 |a urn:nbn:sk:snk-ab7hh1 
035 |a (urnnbn)urn:nbn:sk:snk:ar-005ssc 
035 |a (uuid)9726086f-a16c-4bc4-b674-5ef2e1a58ead 
040 |a SNKBUCL  |b slo  |c SNKBUCL  |e AACR2 
041 0 |a slo 
044 |a xo  |c SK 
080 |a 929.6(437.6)(048)  |2 1997 
100 1 |a Kartous, Peter,  |d 1943-  |4 aut  |9 100853 
245 1 0 |a Heraldika na Slovensku  |b Slovenská genealogicko-heraldická spoločnosť pri Matici slovenskej. Martin 1997. Zostavil Milan Šišmiš. 259 s.  |c Peter Kartous 
650 0 7 |a heraldika  |z Slovensko  |x zborníky  |x recenzie  |2 snkbucl  |9 895355 
655 7 |a články z novín a časopisov  |2 snkbucl  |9 267496 
773 0 |t Slovenská archivistika  |g Roč. 33, č. 1 (1998), s. 126-128  |x 0231-6722 
787 0 8 |i Rec.:  |a Šišmiš, Milan, 1964-  |t Heraldika na Slovensku  |d Martin : Slovenská genealogicko-heraldická spoločnosť pri Matici slovenskej, 1997  |z 8096770942 
850 |a Slovenská národná knižnica 
852 |a Slovenská národná knižnica 
954 |a odborná, vedecká literatúra pôvodná (slovenská)  |2 lita 
958 |a article7 
958 |a OND 
958 |a SK 
958 |a EUIPO 
992 |a RBX 
999 |c 2811667  |d 2813597